00621nam a22001457a 450000500170000000800410001702000180005804000100007608200200008610000250010624501360013126000430026730000210031065001440033120260218152745.0260218b |||||||| |||| 00| 0 eng d a9789387791213 cVITAP 223a954.821 RAM aRamakrishnan, Kamala aIcons of Madrasb: A Selection of The City`s Memorable, go-to Establishments And Institutions of Yesteryearc/ Kamala Ramakrishnan aChennaibTHG Publishing Pvt Ltd.c2023 a150p, ill.: 26cm 0aCity History & Heritage, Historic Institutions, Iconic Business Establishments, Architecture & Urban Landmarks, Cultural & Social Life etc.